MARC

LEADER 00000nam0a2200000 4500
001 256499
005 20231101233124.0
020 |a RU  |b 87-95394 
035 |a (RuTPU)RU\TPU\book\279197 
090 |a 256499 
100 |a 20140409d1987 k y0rusy5003 ca 
101 0 |a rus 
102 |a RU 
105 |a a z 001zy 
200 1 |a Повышение эффективности строительства глубоких скважин на нефть и газ  |e сборник научных трудов  |f Всесоюзный научно-исследовательский геологоразведочный нефтяной институт (ВНИГНИ) ; под ред. И. М. Тимохина, А. А. Русаева 
210 |a Москва  |c Изд-во ВНИГНИ  |d 1987 
215 |a 168 с.  |c ил. 
320 |a Библиогр. в конце ст. 
606 1 |a Нефтяные скважины  |x Бурение  |2 stltpush  |3 (RuTPU)RU\TPU\subj\46086  |9 65271 
606 1 |a Газовые скважины  |x Бурение  |2 stltpush  |3 (RuTPU)RU\TPU\subj\4701  |9 32940 
610 1 |a постройка 
610 1 |a экономическая эффективность 
610 1 |a нефть 
610 1 |a газ 
610 1 |a горные породы 
610 1 |a фильтрация 
675 |a 622.24  |z rus  |v 3 
702 1 |a Тимохин  |b И. М.  |4 340 
702 1 |a Русаев  |b А. А.  |4 340 
712 0 2 |a Всесоюзный научно-исследовательский геологоразведочный нефтяной институт (ВНИГНИ)  |2 stltpush  |3 (RuTPU)RU\TPU\col\18350 
801 0 |a RU  |b RuMRKP  |c 19950417  |g psbo 
801 1 |a RU  |b 63413507  |c 20140409 
801 2 |a RU  |b 63413507  |c 20141121  |g RCR 
942 |c BK